| Tag |
First Indicator |
Second Indicator |
Subfields |
| LEADER |
00000cam a2200000 4500 |
| 001 |
in00003876421 |
| 005 |
20190415193049.0 |
| 006 |
m o d |
| 007 |
cr |n||||||||n |
| 008 |
820730s1789 xxu|||| o 00| | eng c |
| 035 |
|
|
|a (CU-RivES)W3420
|
| 035 |
|
|
|a (Uk-ES)006444927
|
| 035 |
|
|
|a (OCoLC)510881690
|
| 040 |
|
|
|a MWA
|c MWA
|d CU-RivES
|d CStRLIN
|d Cengage Gale
|d UtOrBLW
|
| 050 |
|
4 |
|a AC4
|b .M376 1789
|
| 100 |
1 |
|
|a Mason, John,
|d 1706-1763.
|0 http://id.loc.gov/authorities/names/n80005351
|
| 245 |
1 |
0 |
|a Self knowledge :
|b a treatise, shewing the nature and benefit of that important science, and the way to attain it. Intermixed with various reflections and observations on human nature. By John Mason, A.M. [Two lines of quotations].
|
| 250 |
|
|
|a The first Worcester edition, from the last British edition.
|
| 264 |
|
1 |
|a Printed at Worcester, Massachusetts :
|b By Isaiah Thomas. Sold at his bookstore in Worcester; and by him and Company, in Boston,
|c MDCCLXXXIX. [1789]
|
| 300 |
|
|
|a 1 online resource (xix, 2 unnumbered pages, 22-227, 1 unnumbered pages, 1 unnumbered pageleaf of plates) :
|b illustrations ;
|
| 336 |
|
|
|a text
|b txt
|2 rdacontent
|
| 337 |
|
|
|a computer
|b c
|2 rdamedia
|
| 338 |
|
|
|a online resource
|b cr
|2 rdacarrier
|
| 500 |
|
|
|a Caption title: A treatise of self knowledge.
|
| 500 |
|
|
|a Dedicated to Samuel Lesingham.
|
| 509 |
|
|
|a Signatures: A-T⁶ (T6 verso blank)
|
| 510 |
4 |
|
|a Evans,
|c 21942
|
| 510 |
4 |
|
|a English Short Title Catalog,
|c W3420.
|
| 500 |
|
|
|a Reproduction of original from Boston Public Library.
|
| 500 |
|
|
|a Electronic resource.
|
| 650 |
|
0 |
|a Ethics.
|0 http://id.loc.gov/authorities/subjects/sh85045096
|
| 650 |
|
0 |
|a Conduct of life.
|0 http://id.loc.gov/authorities/subjects/sh85030802
|
| 655 |
|
7 |
|a Electronic books.
|2 local
|
| 700 |
1 |
|
|a Lesingham, Samuel,
|e dedicatee.
|
| 700 |
1 |
|
|a Thomas, Isaiah,
|d 1749-1831,
|e printer.
|0 http://id.loc.gov/authorities/names/n50010179
|
| 700 |
1 |
|
|a Andrews, Ebenezer Turrell,
|d 1766-1851,
|e bookseller.
|0 http://id.loc.gov/authorities/names/n84024469
|
| 700 |
1 |
|
|a Sprague, John,
|d 1718-1797,
|e bookseller.
|
| 710 |
2 |
|
|a Gale (Firm)
|0 http://id.loc.gov/authorities/names/no2008071348
|
| 752 |
|
|
|a United States
|b Massachusetts
|d Worcester.
|
| 752 |
|
|
|a United States
|b Massachusetts
|d Boston.
|
| 856 |
4 |
0 |
|u http://proxy.library.tamu.edu/login?url=http://find.galegroup.com/ecco/infomark.do?contentSet=ECCOArticles&docType=ECCOArticles&bookId=1438700100&type=getFullCitation&tabID=T001&prodId=ECCO&docLevel=TEXT_GRAPHICS&version=1.0&source=library&userGroupName=txshracd2898
|z Connect to the full text of this electronic book
|t 0
|
| 999 |
f |
f |
|s 8801b173-acfb-351b-a515-338647ca4647
|i 2f2b4043-0982-3bef-9dcc-18353e4bfb45
|t 0
|
| 952 |
f |
f |
|a Texas A&M University
|b College Station
|c Electronic Resources
|d Available Online
|t 0
|e AC4 .M376 1789
|h Library of Congress classification
|
| 998 |
f |
f |
|a AC4 .M376 1789
|t 0
|l Available Online
|